| 000 | 00750nam a22002057a 4500 | ||
|---|---|---|---|
| 999 |
_c2503 _d2503 |
||
| 003 | AR-CdUCM | ||
| 008 | 190304b ||||| |||| 00| 0 spa d | ||
| 040 |
_aMUNICIPALIDAD PROVINCIAL DEL CUSCO _cBIBLIOTECA MUNICIPAL DEL CUSCO |
||
| 082 |
_a370.97 / _bSO69 |
||
| 100 |
_aSosa, Jesualdo _9587 |
||
| 245 |
_a17 educadores de América : _blos constructores, los reformadores / |
||
| 260 |
_aUruguay : _bPueblos unidos, _c1945. |
||
| 300 |
_a433 páginas ; _c19.5 cm. |
||
| 505 | _aContenido: Horacio Mann -- Domingo Faustino Sarmiento -- José Pedro Varela -- Gabino Barreda -- Eugenio María de Hostos ... | ||
| 650 |
_aEducadores _91065 |
||
| 650 |
_aAmérica _91348 |
||
| 650 |
_aEscuela - institución _98907 |
||
| 942 |
_2ddc _cLIBROS |
||
| 945 | _aafb | ||